000
00267nam a22001217a 4500
008
181102b xxu||||| |||| 00| 0 eng d
041
_a
eng
080
_a
101
100
_a
24
101
_a
FIL
245
_a
Introduction to Logic
_c
Kegley,Ch.W
942
_2
udc
_c
BK
999
_c
51752
_d
51752